| 000 | 01135cam a2200289 a 4500 | ||
|---|---|---|---|
| 999 |
_c3177 _d3177 |
||
| 001 | 15743023 | ||
| 005 | 20170605095346.0 | ||
| 008 | 090519s2009 gh a 001 0 eng | ||
| 010 | _a 2009349487 | ||
| 020 | _a9789988044657 (pbk.) | ||
| 020 | _a9789988044923 (hbk.) | ||
| 040 |
_aDLC _cDLC |
||
| 042 | _alcode | ||
| 043 | _af-gh--- | ||
| 050 | 0 | 0 |
_aDT507.O88 _bY36 2009 |
| 100 | 1 |
_aYankah, Kojo. _932151 |
|
| 245 | 1 | 0 |
_aOtumfuo Osei Tutu II : _bthe king on the golden stool / _cKojo Yankah ; with a foreword by Kwame Donkoh Fordwor. |
| 260 |
_aAccra-North, Ghana : _bUnimax Macmillan, _c2009. |
||
| 300 |
_a96 p. : _bcol. ill. ; _c28 cm. |
||
| 500 | _aIncludes index. | ||
| 600 | 0 | 0 |
_aOtumfuo Osei Tutu _bII, _cAsantehene, _d1951- _932152 |
| 650 | 0 |
_aAshanti (African people) _xKings and rulers _vBiography. _932153 |
|
| 651 | 0 |
_aAshanti (Kingdom) _xKings and rulers _vBiography. _932154 |
|
| 906 |
_a7 _bcbc _corigode _d3 _encip _f20 _gy-gencatlg |
||
| 942 |
_2lcc _cMONOGRAPH |
||